|
|
|
|
| LEADER |
00785nam a2200205 a 4500 |
| 008 |
100524s2002 ii b 000 0 eng d |
| 020 |
|
|
|a 033393718X
|
| 040 |
|
|
|a BD-DhAAL
|c BD-DhAAL
|d BD-DhAAL
|
| 082 |
0 |
0 |
|a 823
|2 21
|
| 100 |
1 |
|
|a Thorat, Ashok.
|
| 245 |
1 |
0 |
|a A discourse analysis of five Indian novels /
|c Ashok Thorat
|
| 260 |
|
|
|a Delhi :
|d Macmillan India, 2002.
|
| 300 |
|
|
|a 195 p. ;
|c 22 cm.
|
| 504 |
|
|
|a Includes bibliography(p.[187]-191) and index
|
| 541 |
1 |
|
|e 00020288
|
| 650 |
|
0 |
|a Indic fiction (English)
|x History and criticism.
|
| 650 |
|
0 |
|a Speech acts (Linguistics)
|
| 852 |
4 |
|
|a Ayesha Abed Library
|j General shelf
|
| 999 |
|
|
|c 8708
|d 8708
|
| 952 |
|
|
|0 0
|1 0
|2 ddc
|4 0
|6 823_THO_200200000000000
|7 0
|9 10497
|a BRACUL
|b BRACUL
|c GEN
|d 2010-05-25
|l 0
|o 823 THO
|p 3010020288
|r 2011-06-30
|t 1
|w 2010-05-25
|y BK
|